| 000 | 00747cab a2200253 4500 | ||
|---|---|---|---|
| 001 | WB3331-34 | ||
| 008 | 090401t1997 xxu||||| |||| 00| 0 eng d | ||
| 035 | _a(Sirsi) u80070 | ||
| 041 | _aeng | ||
| 245 | _aOpencast planning guidance | ||
| 260 | _c1997 | ||
| 350 | _a0 | ||
| 490 |
_aDoE News Release _v(311/ENV) 30 July 1997, 2(1) |
||
| 520 | _aConsultation paper on changes to planning policy guidance on opencast coal mining is published by Planning Minister. Comments by 31 October 1997. | ||
| 650 | _aCOAL MINING | ||
| 650 | _aCOLLIERY SPOIL | ||
| 650 | _aMPG | ||
| 650 | _aOPENCAST COAL MINING | ||
| 650 | _aPLANNING POLICY GUIDANCE | ||
| 650 | _aPPG | ||
| 690 | _aMINING AND MINERALS | ||
| 942 | _n0 | ||
| 948 | _c04/08/1997 | ||
| 999 |
_c50405 _d50405 |
||